000 00636nam a22002297a 4500
003 UA-OsUOA
001 47355
007 ta
008 20120612b un ||||| |||| 00| 0 ukr d
100 _aMoroz V.
090 _a94(477).124
942 _cBR
040 _aUA-OsUOA
_beng
_cUA-OsUOA
_dUA-OsUOA
245 _aA Chronicle of Resistance in Ukraine
300 _a24 p.
955 _a4
041 _aeng
080 _a94(477).124
650 7 _a9 Географія. Біографії. Історія
_2UDC
999 _c427459
_d427459